BIBLIOTECA

SENCICO

Construcciones de Albañilería : Comportamiento Sísmico y diseño Estructural (Registro nro. 1079)

Detalles MARC
000 -LEADER
fixed length control field 00687nam a2200253Ia 4500
005 - DATE AND TIME OF LATEST TRANSACTION
control field 20251020182458.0
008 - FIXED-LENGTH DATA ELEMENTS--GENERAL INFORMATION
fixed length control field 200515s9999 xx 000 0 und d
020 ## - INTERNATIONAL STANDARD BOOK NUMBER
International Standard Book Number 84-8390-965-0
082 ## - DEWEY DECIMAL CLASSIFICATION NUMBER
Classification number 624.182/S21
100 ## - MAIN ENTRY--PERSONAL NAME
Personal name San Bartolomé, Ángel
245 #0 - TITLE STATEMENT
Title Construcciones de Albañilería : Comportamiento Sísmico y diseño Estructural
250 ## - EDITION STATEMENT
Edition statement 3a ed.
260 ## - PUBLICATION, DISTRIBUTION, ETC.
Place of publication, distribution, etc. Lima
260 ## - PUBLICATION, DISTRIBUTION, ETC.
Name of publisher, distributor, etc. Pontificia Universidad Católica del Perú
260 ## - PUBLICATION, DISTRIBUTION, ETC.
Date of publication, distribution, etc. 2001
300 ## - PHYSICAL DESCRIPTION
Extent 228 p.
300 ## - PHYSICAL DESCRIPTION
Other physical details il., col., tbl., graf.
500 ## - GENERAL NOTE
General note 1 ejemplar
650 ## - SUBJECT ADDED ENTRY--TOPICAL TERM
Topical term or geographic name entry element ALBAÑILERIA
650 ## - SUBJECT ADDED ENTRY--TOPICAL TERM
Topical term or geographic name entry element ALBAÑILERIA ARMADA
650 ## - SUBJECT ADDED ENTRY--TOPICAL TERM
Topical term or geographic name entry element ALBAÑILERIA CONFINADA
942 ## - ADDED ENTRY ELEMENTS (KOHA)
Koha item type Libros
Existencias
Fecha de la última vez que lo usaron Pago total Signatura topográfica completa Código de barras Precio efectivo desde Tipo de documento Estado perdido Estado dañado No es para préstamo Retirado Ubicación permanente Ubicación actual Fecha de adquisición
15/05/2020   624.182/S21 Bib-Lima15051079 15/05/2020 Libros         Biblioteca Central Lima Biblioteca Central Lima 15/05/2020